[Event "Bergisch Gladbach-ch 26th"]
[Site "Bergisch Gladbach"]
[Date "2004.10.01"]
[Round "5"]
[White "Gewert, Arne"]
[Black "Schoerghuber, Barbara"]
[Result "1-0"]
[WhiteElo "1809"]
[BlackElo "1441"]
[PlyCount "31"]
[EventDate "2004.09.??"]
[EventType "swiss"]
[EventRounds "7"]
[EventCountry "GER"]
[SourceTitle "EXT 2005"]
[Source "ChessBase"]
[SourceDate "2004.11.15"]
[SourceVersion "1"]
[SourceVersionDate "2004.11.15"]
[SourceQuality "1"]

1. e4 d5 2. exd5 Qxd5 3. Nc3 Qa5 4. d4 c6 5. Bc4 Nf6 6. Bd2 e6 7. Qe2 Be7 8. Nd5 Qd8 9. Nxe7 Qxe7 10. a3 Nd5 11. Nf3 Nd7 12. 0-0 b6 13. Bd3 0-0 14. c4 Nc7 15. Bf4 Re8 16. Bxc7 1-0

[Event "Bergisch Gladbach-ch 26th"]
[Site "Bergisch Gladbach"]
[Date "2004.09.10"]
[Round "2"]
[White "Gutt, Oswald"]
[Black "Gewert, Arne"]
[Result "1/2-1/2"]
[WhiteElo "1941"]
[BlackElo "1809"]
[PlyCount "56"]
[EventDate "2004.09.??"]
[EventType "swiss"]
[EventRounds "7"]
[EventCountry "GER"]
[SourceTitle "EXT 2005"]
[Source "ChessBase"]
[SourceDate "2004.11.15"]
[SourceVersion "1"]
[SourceVersionDate "2004.11.15"]
[SourceQuality "1"]

1. Nf3 f5 2. d4 Nf6 3. g3 g6 4. Bg2 Bg7 5. 0-0 0-0 6. c4 d6 7. Nc3 Qe8 8. d5 a5 9. Qc2 Na6 10. Be3 h6 11. Rad1 g5 12. Nd4 Ng4 13. Bc1 Qh5 14. h3 Ne5 15. b3 Nb4 16. Qd2 g4 17. h4 f4 18. Ne4 f3 19. Bh1 Bf5 20. Nxf5 Qxf5 21. Nc3 fxe2 22. Nxe2 Nf3+ 23. Bxf3 gxf3 24. Nf4 Be5 25. Kh2 Qg4 26. Rg1 Kh7 27. Nh3 Rf6 28. Bb2 Bxb2 1/2-1/2

[Event "Bergisch Gladbach-ch 25th"]
[Site "Bergisch Gladbach"]
[Date "2003.10.10"]
[Round "6.7"]
[White "Gewert, Arne"]
[Black "Kruppa, Wolfgang"]
[Result "0-1"]
[WhiteElo "1828"]
[BlackElo "1783"]
[PlyCount "68"]
[EventDate "2003.08.??"]
[EventType "swiss"]
[EventRounds "7"]
[EventCountry "GER"]
[SourceTitle "EXT 2005"]
[Source "ChessBase"]
[SourceDate "2004.11.15"]
[SourceVersion "1"]
[SourceVersionDate "2004.11.15"]
[SourceQuality "1"]

1. e4 c5 2. Nf3 e6 3. d4 cxd4 4. Nxd4 a6 5. c4 Nc6 6. Be2 Nf6 7. Bf3 Ne5 8. b3 Bc5 9. Nc2 b5 10. Bb2 Nxf3+ 11. Qxf3 Bb7 12. Nd2 bxc4 13. bxc4 Be7 14. 0-0 0-0 15. Qg3 Rb8 16. Bd4 g6 17. e5 Nh5 18. Qe3 Ng7 19. g4 d6 20. Rab1 Qc7 21. f3 Ba8 22. Bb6 Qc8 23. exd6 Bxd6 24. c5 Rxb6 25. cxb6 Bc5 26. Nd4 Rd8 27. N4b3 Bxb6 28. Rbc1 Qd7 29. Rfd1 Bd5 30. Nc5 Qd6 31. Nd3 a5 32. a4 h5 33. h3 Qg3+ 34. Kf1 Bxe3 0-1

[Event "Bergisch Gladbach-ch 25th"]
[Site "Bergisch Gladbach"]
[Date "2003.09.05"]
[Round "2.5"]
[White "Gewert, Arne"]
[Black "Naundorf, Maik"]
[Result "1/2-1/2"]
[WhiteElo "1828"]
[BlackElo "2005"]
[PlyCount "55"]
[EventDate "2003.08.??"]
[EventType "swiss"]
[EventRounds "7"]
[EventCountry "GER"]
[SourceTitle "EXT 2005"]
[Source "ChessBase"]
[SourceDate "2004.11.15"]
[SourceVersion "1"]
[SourceVersionDate "2004.11.15"]
[SourceQuality "1"]

1. e4 c5 2. Nf3 e6 3. d4 cxd4 4. Nxd4 a6 5. c4 Nf6 6. Nc3 Qc7 7. a3 b6 8. Be3 Bb7 9. f3 d6 10. Rc1 Nbd7 11. Be2 Be7 12. 0-0 0-0 13. Kh1 Rac8 14. Qd2 Qb8 15. Rc2 Bd8 16. Rb1 Bc7 17. Bg1 Kh8 18. b4 Rg8 19. Nb3 g5 20. a4 Rg6 21. a5 d5 22. cxd5 b5 23. dxe6 fxe6 24. Nd4 Bf4 25. Be3 Bxh2 26. Nxe6 Rcg8 27. Nd4 Rh6 28. Nf5 1/2-1/2

[Event "Bergisch Gladbach-ch 25th"]
[Site "Bergisch Gladbach"]
[Date "2003.08.29"]
[Round "1.8"]
[White "Nowok, Alois"]
[Black "Gewert, Arne"]
[Result "0-1"]
[WhiteElo "1527"]
[BlackElo "1828"]
[PlyCount "84"]
[EventDate "2003.08.??"]
[EventType "swiss"]
[EventRounds "7"]
[EventCountry "GER"]
[SourceTitle "EXT 2005"]
[Source "ChessBase"]
[SourceDate "2004.11.15"]
[SourceVersion "1"]
[SourceVersionDate "2004.11.15"]
[SourceQuality "1"]

1. Nc3 c5 2. e4 d6 3. Nf3 Nf6 4. Bc4 e6 5. d3 Be7 6. 0-0 0-0 7. Ne2 Nbd7 8. a3 Rb8 9. b4 d5 10. exd5 exd5 11. Bb3 b6 12. Bb2 Qc7 13. bxc5 bxc5 14. Bc1 Bd6 15. g3 Re8 16. Nf4 Bb7 17. Ng5 h6 18. Ngh3 Ne5 19. Nh5 Nxh5 20. Qxh5 c4 21. Bxh6 gxh6 22. Qxh6 Re6 23. Qh5 cxb3 24. Ng5 Rg6 25. Qh7+ Kf8 26. f4 Ng4 27. Qh8+ Rg8 28. Nh7+ Ke7 29. Rae1+ Kd7 30. Nf6+ Nxf6 31. Qxf6 Rbf8 32. cxb3 Bxa3 33. Qf5+ Kd8 34. d4 Qd7 35. Qf6+ Be7 36. Qe5 Bd6 37. Qf6+ Kc8 38. Ra1 Kb8 39. Ra4 Rg6 40. Qh4 Qf5 41. Rfa1 a6 42. Kg2 Qxf4 0-1

[Event "Cologne Longerich op 2nd"]
[Site "Cologne"]
[Date "2003.??.??"]
[Round "1"]
[White "Gewert, Arne"]
[Black "Froehling, Ewald"]
[Result "1-0"]
[WhiteElo "1828"]
[BlackElo "1525"]
[PlyCount "111"]
[EventDate "2003.06.??"]
[EventType "swiss"]
[EventRounds "7"]
[EventCountry "GER"]
[SourceTitle "EXT 2004"]
[Source "ChessBase"]
[SourceDate "2003.11.25"]
[SourceVersion "1"]
[SourceVersionDate "2003.11.25"]
[SourceQuality "1"]

1. e4 e5 2. Nf3 Nf6 3. Nxe5 d6 4. Nf3 Nxe4 5. Nc3 Nxc3 6. dxc3 Be7 7. Bf4 0-0 8. Qd2 Nd7 9. 0-0-0 a5 10. Nd4 Nf6 11. Bd3 Nd5 12. Kb1 Nxf4 13. Qxf4 Bg5 14. Qe4 g6 15. h4 d5 16. Qf3 Bxh4 17. Qf4 Bg5 18. Qh2 h5 19. f4 Bh6 20. f5 Qg5 21. Qxc7 Ra7 22. Qb6 Ra8 23. fxg6 fxg6 24. Nf3 Qf6 25. Qb5 Qd6 26. Bc4 Rf5 27. Rxd5 Rxd5 28. Bxd5+ Kh7 29. Qd3 Qf6 30. Be4 Ra6 31. Rxh5 Rd6 32. Rd5 Rxd5 33. Qxd5 Qg7 34. Qh5 Qf6 35. Qh4 Qd6 36. Nd4 Qf4 37. Qe7+ Bg7 38. Nf3 Qf6 39. Ng5+ Kh6 40. Nf7+ Kh7 41. Qxf6 Bxf6 42. Nd6 Bd7 43. Nxb7 a4 44. c4 Bc8 45. c5 Bxb7 46. Bxb7 Kg7 47. b4 axb3 48. cxb3 Kf7 49. Be4 g5 50. Kc2 Ke6 51. Kd3 Kd7 52. Kc4 Kc7 53. b4 Kb8 54. b5 Be5 55. b6 Bf4 56. Kb5 1-0

[Event "Bergisch Gladbach-ch 22nd"]
[Site "Bergisch Gladbach"]
[Date "2000.09.22"]
[Round "7"]
[White "Gewert, Arne"]
[Black "Roettgen, Martin"]
[Result "1/2-1/2"]
[WhiteElo "1047"]
[BlackElo "1519"]
[PlyCount "50"]
[EventDate "2000.08.??"]
[EventType "swiss"]
[EventRounds "7"]
[EventCountry "GER"]
[SourceTitle "EXT 2005"]
[Source "ChessBase"]
[SourceDate "2004.11.15"]
[SourceVersion "1"]
[SourceVersionDate "2004.11.15"]
[SourceQuality "1"]

1. c4 g6 2. g3 Nf6 3. Bg2 Bg7 4. Nc3 e6 5. d4 d5 6. Nf3 dxc4 7. Qa4+ Nbd7 8. Qxc4 0-0 9. 0-0 Nb6 10. Qb3 Nfd5 11. e4 Nxc3 12. bxc3 c6 13. Bf4 Re8 14. Rfd1 Nd7 15. Qb2 Qb6 16. Qc1 Qa5 17. Bh6 Qb5 18. Bxg7 Kxg7 19. Qg5 Qxg5 20. Nxg5 Nf6 21. e5 Nd5 22. Bxd5 exd5 23. Rab1 b6 24. Re1 h6 25. Nf3 Be6 1/2-1/2

[Event "Bergisch Gladbach-ch 22nd"]
[Site "Bergisch Gladbach"]
[Date "2000.09.08"]
[Round "5"]
[White "Gewert, Arne"]
[Black "Randerath, Volker"]
[Result "1/2-1/2"]
[WhiteElo "1047"]
[BlackElo "1819"]
[PlyCount "81"]
[EventDate "2000.08.??"]
[EventType "swiss"]
[EventRounds "7"]
[EventCountry "GER"]
[SourceTitle "EXT 2005"]
[Source "ChessBase"]
[SourceDate "2004.11.15"]
[SourceVersion "1"]
[SourceVersionDate "2004.11.15"]
[SourceQuality "1"]

1. d4 d5 2. c4 e6 3. Nc3 Nf6 4. Bg5 Be7 5. e3 0-0 6. Nf3 Nbd7 7. Rc1 c6 8. Bd3 h6 9. Bh4 dxc4 10. Bxc4 Nd5 11. Bxe7 Qxe7 12. 0-0 Nxc3 13. Rxc3 e5 14. dxe5 Nxe5 15. Nxe5 Qxe5 16. Qe2 Be6 17. Bxe6 Qxe6 18. b3 Qf6 19. Rd3 Rad8 20. Rfd1 Rxd3 21. Rxd3 Rd8 22. Rxd8+ Qxd8 23. Kf1 Kf8 24. Ke1 Qd6 25. g3 Ke7 26. Qc4 b6 27. Qe4+ Kf6 28. Qd4+ Qxd4 29. exd4 Kf5 30. f3 g5 31. Ke2 g4 32. Ke3 h5 33. f4 a5 34. a3 b5 35. Kd3 h4 36. Ke3 hxg3 37. hxg3 Ke6 38. Ke4 f5+ 39. Kd3 Kd5 40. a4 bxa4 41. bxa4 1/2-1/2

[Event "Bergisch Gladbach-ch 22nd"]
[Site "Bergisch Gladbach"]
[Date "2000.08.18"]
[Round "2"]
[White "Gewert, Arne"]
[Black "Fey, Helmut"]
[Result "0-1"]
[WhiteElo "1047"]
[BlackElo "1482"]
[PlyCount "106"]
[EventDate "2000.08.??"]
[EventType "swiss"]
[EventRounds "7"]
[EventCountry "GER"]
[SourceTitle "EXT 2005"]
[Source "ChessBase"]
[SourceDate "2004.11.15"]
[SourceVersion "1"]
[SourceVersionDate "2004.11.15"]
[SourceQuality "1"]

1. d4 Nf6 2. c4 c5 3. d5 b5 4. cxb5 a6 5. bxa6 Bxa6 6. Nc3 d6 7. g3 g6 8. Bg2 Bg7 9. e4 0-0 10. Nge2 Nbd7 11. f4 Qc7 12. Rb1 Rfb8 13. Bf3 Ne8 14. a3 Bc8 15. 0-0 Nf8 16. Re1 Bd7 17. Kh1 Qc8 18. Be3 Bg4 19. Bxg4 Qxg4 20. Kg2 h5 21. h3 Qc8 22. Qc2 Nc7 23. Rf1 Nb5 24. Nxb5 Rxb5 25. Nc3 Rb7 26. Rfd1 Nd7 27. Re1 Nb6 28. Bc1 Nc4 29. Ne2 Nb6 30. Nc3 Qd7 31. Re2 Rab8 32. Qd3 Na4 33. Nxa4 Qxa4 34. Qc2 Qb5 35. b3 c4 36. b4 c3 37. a4 Qc4 38. b5 Ra8 39. Ra1 Rxb5 40. axb5 Rxa1 41. b6 Qa6 42. Be3 Rb1 43. Rf2 Rb2 44. Qc1 Rxf2+ 45. Kxf2 Qa2+ 46. Kf3 Qb2 47. g4 hxg4+ 48. hxg4 Qb3 49. f5 Qb5 50. Qc2 Qf1+ 51. Kg3 Be5+ 52. Kh4 Qh1+ 53. Kg5 f6+ 0-1